| 000 | 01309nam a22002537a 4500 | ||
|---|---|---|---|
| 005 | 20170124103116.0 | ||
| 010 | _aA-757775 | ||
| 020 | _c00.00 | ||
| 035 | _aA-757775 | ||
| 037 | _bCen Lib/Ret | ||
| 040 |
_aDPL _bHN |
||
| 082 |
_a302.2 _bपाण्डेय |
||
| 100 |
_aपाण्डेय, पृथ्वीनाथ _944529 |
||
| 245 |
_aजनसंचार : दृश्य-परिदृश्य : _cपृथ्वीनाथ पाण्डेय _bपत्रकारिता-विषयक जनसंचार की प्रतिनिधि कृति / |
||
| 246 |
_aJansanchar : drishye-paridrishye : patrkarita-vishyak jansanchar ki pratinidhi kriti / _bby Prithivinath Pandey |
||
| 260 |
_aइलाहाबाद _bउमेश प्रकाशन _c1995 |
||
| 270 |
_bइलाहाबाद _aनया 100, लूकरगंज |
||
| 300 |
_a174पृ. _c21सेमी(सजिल्द) |
||
| 650 |
_aसंचार -- परिभाषा एवं प्रारूप _980960 |
||
| 650 |
_aसंचार -- माध्यम -- भारत _91542 |
||
| 650 |
_aCommunications - Definition and format _980961 |
||
| 650 |
_aCommunication - medium - India _980962 |
||
| 942 |
_2ddc _cHN _h302.2 _mपाण्डेय |
||
| 999 |
_c118580 _d118580 |
||